Skôr ako zapneme počítač : Príprava na prácu s počítačom, základné pojmy, technické a programové vybavenie /

Saved in:
Bibliographic Details
Main Author: Hodinár, Karol (Author)
Format: Book
Language:Slovak
Published: Bratislava : CSERVENKA, 1991
Series:Malá knižnica PC
Tags: Add Tag
No Tags, Be the first to tag this record!

MARC

LEADER 00000nam a22000003a 4500
001 stu18129
005 20150617225755.4
008 911228s1991----cs------------------slo-d
040 |a STU  |b slo 
041 0 |a slo 
044 |a cs 
080 |a 681.3.06 
100 1 |a Hodinár, Karol  |4 aut 
245 1 |a Skôr ako zapneme počítač :  |b Príprava na prácu s počítačom, základné pojmy, technické a programové vybavenie /  |c [aut.]Hodinár,Karol 
260 |a Bratislava :  |b CSERVENKA,  |c 1991 
300 |a 71 s 
830 0 |a Malá knižnica PC 
996 |b CB1351  |c C*B1351  |l CCXIV  |s P  |a 0  |w stu18129_0001 
996 |b CB1352  |c C*B1352  |l CCXIV  |s P  |a 0  |w stu18129_0002 
996 |b CB1471  |c C*B1471  |l CCXXIII  |s P  |a 0  |w stu18129_0003 
996 |b CB1526  |c C*B1526  |l CCXXIVA  |s P  |a 0  |w stu18129_0004